000
00297nam a22001217a 4500
008
180517b xxu||||| |||| 00| 0 eng d
041
_a
eng
080
_a
043.3
100
_a
0
101
_a
SHKI-BA
245
_a
Hulumtimi dhe Krahasimi i Librarive ne Kros Platforma
_c
Kadriu, T
942
_2
udc
_c
BK
999
_c
45877
_d
45877